000 00855nam a2200193Ia 4500
008 151121s9999||||xx |||||||||||||| ||und||
082 _a059।3/दाते
082 _bHNW-49919
100 _aदाते शं। ग।व इतर-संपा।
245 _aमराठी नियतकालिकांची सूचि खं-2
260 _bमुंबई मराठीर्ग्रंथ संग्रहालयमुंबई।
260 _c--
300 _a0
600 _aदाते शं। ग।व इतर-संपा।
630 _aमराठी नियतकालिकांची सूचि खं-2
700 _aदाते शं। ग।व इतर-संपा।
730 _aमराठी नियतकालिकांची सूचि खं-2
942 _cBOOK
999 _c1234819
_d1234816